000 01027nam a2200253Ia 4500
003 OSt
005 20220923211006.0
006 a|||||r|||| 00| 0
007 ta
008 220922b |||||||| |||| 00| 0 hin d
020 _a8170167108 (hbk)
_c200
024 _a237,653
037 _b405, 23/03/2009, Swaraj Prakashan
_cTextual
040 _aARTS
_cARTS
_bhin
041 _2hin
_ahin
082 _aO157,3M76,16, 152P5
100 _aचट्टोपाध्याय, शरत्चन्द्र; शर्मा, ओमप्रकाश, संपा.
_9156921
245 0 _aगृह - दाह
246 _aGṛuh - dāha
260 _aनयी दिल्ली
_b किताबघर प्रकाशन
_c2005
300 _a257पृ.
_ccm.
942 _hO157,3M76,16, 152P5
_cTEXL
_2CC
999 _c293623
_d293623